Enhancement of security framework for mobile agent based intrusion detection system (Record no. 180744)
[ view plain ]
| 000 -LEADER | |
|---|---|
| fixed length control field | 00736 a2200181 4500 |
| 003 - CONTROL NUMBER IDENTIFIER | |
| control field | Nust |
| 005 - DATE AND TIME OF LATEST TRANSACTION | |
| control field | 20170207153155.0 |
| 040 ## - CATALOGING SOURCE | |
| Transcribing agency | Nust |
| 082 ## - DEWEY DECIMAL CLASSIFICATION NUMBER | |
| Classification number | 005.8 |
| 100 ## - MAIN ENTRY--PERSONAL NAME | |
| Personal name | Aslam , Lieut Commander Muhammad ( MSIS-4) |
| 245 ## - TITLE STATEMENT | |
| Title | Enhancement of security framework for mobile agent based intrusion detection system |
| Statement of responsibility, etc. | Lieut Commander Muhammad Aslam |
| 260 ## - PUBLICATION, DISTRIBUTION, ETC. | |
| Name of publisher, distributor, etc. | MCS (NUST) |
| Date of publication, distribution, etc. | April, 2009 |
| Place of publication, distribution, etc. | Rawalpindi |
| 300 ## - PHYSICAL DESCRIPTION | |
| Extent | viii, 51,p.; |
| 505 ## - FORMATTED CONTENTS NOTE | |
| Formatted contents note | Introduction (page-2) Mobile agent based intrusion detection systems (page-5)Security issue in existing mobile agent-based intrusion detection systems (page-190 Proposed architecture (page-29) Future work (page-47) |
| 538 ## - SYSTEM DETAILS NOTE | |
| System details note | Almirah No.70 Shelf No.4 |
| 650 ## - SUBJECT ADDED ENTRY--TOPICAL TERM | |
| Topical term or geographic name entry element | PGThesis |
| 651 ## - SUBJECT ADDED ENTRY--GEOGRAPHIC NAME | |
| Geographic name | MSIS-4 |
| 942 ## - ADDED ENTRY ELEMENTS (KOHA) | |
| Koha item type | |
| Withdrawn status | Lost status | Source of classification or shelving scheme | Damaged status | Not for loan | Collection code | Permanent Location | Current Location | Date acquired | Total Checkouts | Full call number | Barcode | Date last seen | Price effective from | Koha item type |
|---|---|---|---|---|---|---|---|---|---|---|---|---|---|---|
| Military College of Signals (MCS) | Military College of Signals (MCS) | 12/12/2016 | 005.8 ASL | MCSTIS-101 | 12/08/2016 | 12/12/2016 | Book | |||||||
| Military College of Signals (MCS) | Military College of Signals (MCS) | 12/12/2016 | 005.8 ASL | MCSTIS-133 | 12/08/2016 | 12/12/2016 | Book | |||||||
| Military College of Signals (MCS) | Military College of Signals (MCS) | 12/12/2016 | 005.8 ASL | MCSTIS-152 | 12/08/2016 | 12/12/2016 | Book | |||||||
| Military College of Signals (MCS) | Military College of Signals (MCS) | 12/12/2016 | 005.8 ASL | MCSTIS-48 | 12/08/2016 | 12/12/2016 | Book |
